Movies Quiz

Random Movies or Clickable Quiz

Quick Pick: Woody Allen Movies Quiz Stats

 Plays Quiz not verified by Sporcle

Support Sporcle.
Go Orange.
Score 0/27 Timer 01:30
0 Plays Today
% Correct
Hall
91%
Hannah
88.8%
Money
88.7%
Purple
87.6%
Husbands
87.2%
Crimes
85.8%
Barcelona
84.2%
Bullets
82.2%
Midsummer
82%
Paris
82%
Mighty
81.3%
Point
80%
Tiger
78.8%
Manhattan
77.9%
% Correct
Love
76.4%
Crooks
76.3%
Harry
75.2%
Melinda
73.6%
Days
72.5%
Works
71.8%
Broadway
71.6%
Memories
70.1%
Everyone
68.3%
Jade
67.8%
Fog
63.5%
Sweet
63.1%
Ending
56.8%

You're not logged in!

Compare scores with friends on all Sporcle quizzes.
OR
Log In

From the Vault

Let's Conquer the World Together!

by Pilgab

Historical figures from all over the map.
Remove Ads.
Support Sporcle.
Get the best of Sporcle when you Go Orange. This ad-free experience offers more features, more stats, and more fun while also helping to support Sporcle. Thank you for becoming a member.

Show Comments

Extras

Top Quizzes Today


Score Distribution

Your Account Isn't Verified!

In order to create a playlist on Sporcle, you need to verify the email address you used during registration. Go to your Sporcle Settings to finish the process.

Report this User

Report this user for behavior that violates our Community Guidelines.

Details: